00536nam a2200157 a 450000100100000000500170001000800410002702000180006804000250008610000290011124500910014026000520023130000210028350000420030450400320034600004075120201002034343.0130905s2006 sp 000 0 spa d a9788484892649 aDO-SdBNPbspacBNPHU1 aCervera Salinas, Vicente13aEl Síndrome de Beatriz en la literatura hispanoamericana /cVicente Cervera Salinas. aMadrid :bEdiciones de Iberoaméricana,c2006. a386 p. ;c23 cm. aIncluye notas al pie de las páginas aBibliografía : p. 371-386